00327nam a22001217a 450000500170000000800410001704100130005808200150007124500600008626000090014630000250015565000250018020231109145952.0231109b |||||||| |||| 00| 0 eng d aEnglish  a346.1 WOR  aThe 4th World Congress on Family and Children's Rights  c2005 b20 pages ; c31 cm.  aLegal practice bLaw